000 00250nam a2200109Ia 4500
008 190216s9999||||xx |||||||||||||| ||und||
100 _aVolodarsky
245 0 _aWhat Statistics Tell Us
260 _bNovosti Pub
650 _aMathematics
942 _cBK
999 _c30874
_d30874